00257 a2200109 4500001000700000020000600007040001100013100002300024240004800047245004300095362000900138181679 a  cMagnum aAlencar, José de10aGuerra dos mascates/grafica bentivegnalpor10aGuerra dos mascates/grafica bentivegna0 a1899